Créatures légendaires de la saga Zelda - Statistiques

Statistiques générales
  • Ce quiz a été pris 93 fois
  • Le résultat moyen est 13 sur 35
Statistiques - réponses
Jeu Description Créature légendaire % Correct
The Legend of Zelda Petites créatures ailées dont les plus célèbres représentantes sont Navii et Tael Fées
89%
Ocarina of Time Esprit de la Terre et de la Forêt, résidant dansla Forêt Kokiri/Grande Forêt d'Hyrule, il a vu la création d'Hyrule, et est le protecteur des Fées, des Kokiris et de l'Epée de légende Arbre Mojo
82%
Ocarina of Time Dieu gardien du peuple Zora, Link retrouve la Princesse Ruto dans son ventre Jabu-Jabu
77%
The Legend of Zelda Elles habitent dans des fontaines cachées, etdonnent à Link des objets ou des capacités Grandes Fées
76%
Skyward Sword Esprit résidant à l'intérieur de l'Epée Divine Fay
65%
Skyward Sword Déesse protectrice de la Triforce, dont des statues seront érigées dans Hyrule Hylia
59%
Majora's Mask Gardiens de Termina, ils sont au nombre de 4 et gardent chacun un point cardinal, et peuvent être invoqués grâce à l'Ode de l'Appel Géants
53%
Breath of the Wild Dragon jaune de foudre Rordrac
51%
Breath of the Wild Dragon rouge de feu Ordrac
49%
Skyward Sword Esprit maléfique de l'épée du Banni,seigneur démoniaque Ghirahim
48%
Breath of the Wild Dragon bleu de glace Nedrac
47%
Skyward Sword Créature démoniaque aussi nommé Le Banni Avatar du Néant
42%
Twilight Princess Esprit de la Lumière Ordinn
42%
Skyward Sword Dragon de Feu Ordinn
42%
Twilight Princess Esprit de la Lumière Lanelle
41%
Skyward Sword Dragon de Foudre Lanelle
41%
Link's Awakening Divinité dormant à l'intérieur de l'Oeuf Sacré, il ne peut être réveillé qu'avec les huits Instruments des Sirènes Poisson-Rêve
39%
Breath of the Wild Esprit animal qui s'incarne sous la forme d'un cheval, apparaissant au sommet du Mont Satori Alpha
38%
Twilight Princess Esprit de la Lumière Firone
38%
Skyward Sword Dragon d'Eau Firone
38%
Breath of the Wild Appartenant à la race des Fées, il est la divinité des chevaux, et est capable de ramener à la vie les chevaux morts au combat Marlon
37%
Breath of the Wild Petites créatures nocturnes qui luisent d'une lumière bleue, à corps de lapin et à tête de chouette, qui s'enfuient si Link est proche Rumys
29%
Skyward Sword Dragon et Grand Esprit des Cieux, ayant l'apparenced'une grande baleine volant dans les cieux Narisha
28%
Breath of the Wild Créature maléfique affrontant le Héros dela Légende et la Descendante de la Déesse depuis des milliers d'années Fléau
27%
Twilight Princess Peuple résidant dans le Royaume du Crépuscule,dont Midona est la souveraine Twilis
24%
Phantom Hourglass Spectre maléfique ayant enlevé Tetra, et capable de prendre le contrôle des êtres Bellum
15%
Twilight Princess Esprit de la Lumière Latouane
14%
The Wind Waker Dieu grenouille des Tempêtes et frère du suivant,il est de couleur rose et flotte sur un nuage Cyclos
11%
The Wind Waker Dieu grenouille du Vent et frère du précédent,il est de couleur bleue et flotte sur un nuage Zephos
11%
Phantom Hourglass Souverain d'un monde parallèle à celui de Link,cette baleine blanche divine est lié au Sable de Vie Roi des Mers
10%
Tears of the Kingdom Dragon Blanc Dragon blanc
9%
Ocarina of Time Divinité du Désert Gerudo, représenté par une immense statue dans le Temple de l'Esprit Déesse des Sables
6%
Spirit Tracks Titre de Mallard, la créature démoniaque ayant été ressuscitée par Kimado, et venant du monde des Ténèbres Roi Démon
6%
Oracle of Seasons Groupe de 4 fées qui protège le Sceptredes Saisons, qui habitent dans le Temple des Saisons Esprits des Saisons
3%
Spirit Tracks Divinités opposées à Mallard, dont les symbolesse retrouvent notamment sur la Locomotive des Dieux et la Tour des Dieux Les Locomos sont leurs serviteurs Esprits du Bien
0%
Aucun quiz correspondant
Distribution des résultats
% des personnes avec chaque résultat
Percentile par nombre de réponses
Votre historique - résultats
Vous n’avez pas pris ce quiz